| 000 | 01228cam a2200349 i 4500 | ||
|---|---|---|---|
| 001 | 2945 | ||
| 003 | FISKH | ||
| 005 | 20240124161201.0 | ||
| 008 | 131212s2014 nyua c 000 1 eng | ||
| 010 | _a 2013045212 | ||
| 020 | _a9781419704253 (hardback) | ||
| 020 | _a9781419716362 | ||
| 040 |
_aDLC _beng _cDLC _erda _dDLC |
||
| 042 |
_alcac _apcc |
||
| 050 | 0 | 0 |
_aPZ7.A585 _bPo 2014 |
| 082 | 0 | 0 |
_a[Fic] _223 |
| 100 | 1 | _aAngleberger, Tom. | |
| 245 | 1 | 0 |
_aPoop fountain! / _cfound by Tom Angleberger ; illustrated by] Jen Wang. |
| 260 |
_aNew York : _bAbram Books, _c2014 |
||
| 300 |
_a134 pages : _billustrations ; _c20 cm |
||
| 336 |
_atext _2rdacontent |
||
| 337 |
_aunmediated _2rdamedia |
||
| 338 |
_avolume _2rdacarrier |
||
| 490 | 0 |
_aThe Qwikpick papers ; _vBook 1 |
|
| 520 | _aThree friends spend Christmas day breaking into the town of Crickenburg's antiquated sewage treatment plant in order to witness with their own eyes the soon-to-be-replaced "poop fountain." | ||
| 650 | 1 |
_aSewage disposal plants _vFiction. |
|
| 650 | 1 |
_aFriendship _vFiction. |
|
| 650 | 1 | _aHumorous stories. | |
| 700 | 1 |
_aWang, Jen, _d1984- _eillustrator. |
|
| 906 |
_a7 _bcbc _corignew _d1 _eecip _f20 _gy-gencatlg |
||
| 942 |
_2ddc _cBK _n0 |
||
| 999 |
_c2945 _d2945 |
||